| 000 | 00688nam a2200241 a 4500 | ||
|---|---|---|---|
| 999 |
_c12271 _d12271 |
||
| 001 | 12271 | ||
| 003 | BD-JhCC | ||
| 005 | 20221115134023.0 | ||
| 008 | 210920b2001 nyu |||| ||a| 001 0 eng d | ||
| 020 | _a1565642805 | ||
| 035 | _a(BD-JhCC)12271 | ||
| 040 |
_aBD-JhCC _dBD-JhCC |
||
| 041 | _aenglish | ||
| 082 |
_a370956 _bZEE 2001 |
||
| 100 | _aZeera,Zaher | ||
| 245 |
_aWholeness and Holiness in Education An Islamic Perspective / _cZaher Zeera. |
||
| 260 |
_aLondon: _bThe International Institute of islamic thought; _c2001. |
||
| 300 |
_aix-xvii,186 p. : _c22 cm. |
||
| 650 | _aIntellect- Religious Aspects | ||
| 650 | _aIslamic Education | ||
| 942 |
_2ddc _cBK _02 |
||